Países y capitales del mundo con un mapa - Estadísticas

Estadísticas generales
  • Esta prueba ha sido intentada 19.202 veces
    19.089 desde el último reinicio
  • La puntuación promedio es 244 de 396
Respuestas en el mapa
Las respuestas están codificadas por una escala verde-roja en el mapa de la prueba según el % correcto abajo.
 
Estadísticas de respuestas
País/Capital % Correcto
Brasil
92%
Estados Unidos
92%
México
92%
Canadá
91%
Madrid
91%
Argentina
90%
España
90%
Francia
90%
Chile
89%
Ciudad de México
89%
París
89%
Portugal
89%
Buenos Aires
88%
Colombia
88%
Perú
88%
Rusia
88%
Washington D.C.
88%
Alemania
87%
Italia
87%
Lisboa
87%
Reino Unido
87%
Uruguay
87%
Venezuela
87%
Andorra
86%
Bolivia
86%
Brasilia
86%
Ecuador
86%
Irlanda
86%
Londres
86%
Paraguay
86%
Berlín
85%
China
85%
Cuba
85%
Islandia
85%
Moscú
85%
Noruega
85%
Roma
85%
Suecia
85%
Australia
84%
Ciudad de Panamá
84%
Dinamarca
84%
Finlandia
84%
Japón
84%
Ucrania
84%
Bogotá
83%
Grecia
83%
Lima
83%
Marruecos
83%
Ottawa
83%
Panamá
83%
Polonia
83%
Ciudad del Vaticano
82%
Dublín
82%
India
82%
Países Bajos
82%
Santiago
82%
Suiza
82%
Turquía
82%
Austria
81%
Bélgica
81%
Caracas
81%
Corea del Sur
81%
Egipto
81%
Estonia
81%
Letonia
81%
Lituania
81%
Oslo
81%
Tokio
81%
Argel
80%
Bielorrusia
80%
Corea del Norte
80%
Croacia
80%
Guyana
80%
Honduras
80%
Luxemburgo
80%
Mónaco
80%
Rumania
80%
Atenas
79%
Ciudad de Guatemala
79%
El Salvador
79%
Hungría
79%
Kiev
79%
Montevideo
79%
Pekín
79%
República Checa
79%
Sudáfrica
79%
Ámsterdam
78%
Argelia
78%
Bruselas
78%
Bulgaria
78%
Costa Rica
78%
Eslovaquia
78%
Guatemala
78%
Irán
78%
Madagascar
78%
Mongolia
78%
Nicaragua
78%
Nueva Zelanda
78%
República Dominicana
78%
Albania
77%
Arabia Saudita
77%
Eslovenia
77%
Irak
77%
La Habana
77%
Malta
77%
San Marino
77%
Surinam
77%
Haití
76%
Indonesia
76%
Israel
76%
Quito
76%
República del Congo
76%
República Democrática del Congo
76%
Serbia
76%
Túnez
76%
Bosnia y Herzegovina
75%
Estocolmo
75%
Helsinki
75%
Jamaica
75%
Kazajistán
75%
Montenegro
75%
Tailandia
75%
Viena
75%
Afganistán
74%
Andorra la Vieja
74%
Bahamas
74%
Belice
74%
Chipre
74%
Emiratos Árabes Unidos
74%
Filipinas
74%
La Paz
74%
Macedonia del Norte
74%
Níger
74%
Pakistán
74%
Seúl
74%
Sofía
74%
Varsovia
74%
El Cairo
73%
Kosovo
73%
Moldavia
73%
Vietnam
73%
Yemen
73%
Budapest
72%
Catar
72%
Copenhague
72%
Guinea
72%
Libia
72%
Nigeria
72%
Omán
72%
Praga
72%
Reikiavik
72%
Siria
72%
Sudán
72%
Ankara
71%
Armenia
71%
Canberra
71%
Georgia
71%
Kenia
71%
Nepal
71%
Somalia
71%
Asunción
70%
Azerbaiyán
70%
Berna
70%
Bucarest
70%
Etiopía
70%
Laos
70%
Liechtenstein
70%
Malasia
70%
Senegal
70%
Sri Lanka
70%
Uzbekistán
70%
Angola
69%
Chad
69%
Jordania
69%
Nueva Delhi
69%
Papúa Nueva Guinea
69%
Cabo Verde
68%
Camerún
68%
Líbano
68%
Malí
68%
Sudán del Sur
68%
Taiwán
68%
Turkmenistán
68%
Zagreb
68%
Camboya
67%
Guinea Ecuatorial
67%
Maldivas
67%
Mauritania
67%
Tanzania
67%
Bangladés
66%
Ghana
66%
Kirguistán
66%
Mozambique
66%
Myanmar
66%
Singapur
66%
Sucre
66%
Trinidad y Tobago
66%
Zambia
66%
Costa de Marfil
65%
Minsk
65%
República Centroafricana
65%
Tayikistán
65%
Zimbabue
65%
Bután
64%
Eritrea
64%
Kuwait
64%
Rabat
64%
Togo
64%
Uganda
64%
Antigua y Barbuda
63%
Botsuana
63%
Guinea-Bissau
63%
Jerusalén
63%
La Valeta
63%
Namibia
63%
Santa Lucía
63%
Tallin
63%
Barbados
62%
Estados Federados de Micronesia
62%
Fiyi
62%
Gabón
62%
Liberia
62%
Riga
62%
San Salvador
62%
Tirana
62%
Burkina Faso
61%
Dominica
61%
Granada
61%
Lesoto
61%
Ruanda
61%
San José
61%
Santo Domingo
61%
Seychelles
61%
Sierra Leona
61%
Baréin
60%
Belgrado
60%
Benín
60%
Gambia
60%
Mauricio
60%
Sarajevo
60%
Yibuti
60%
Brunéi
59%
Islas Marshall
59%
Pionyang
59%
San Vicente y las Granadinas
59%
Bangkok
58%
Islas Salomón
58%
Kingston
58%
Kingstown
58%
Malaui
58%
San Cristóbal y Nieves
58%
Santo Tomé
58%
Santo Tomé y Príncipe
58%
Bratislava
57%
Burundi
57%
Kiribati
57%
Liubliana
57%
Managua
57%
Palaos
57%
Tuvalu
57%
Vanuatu
57%
Vilna
57%
Comoras
56%
Esuatini
56%
Manila
56%
Tegucigalpa
56%
Tonga
56%
Abu Dabi
55%
Nauru
55%
Nicosia
55%
Puerto Príncipe
55%
Samoa
55%
Teherán
55%
Chișinău
54%
Daca
54%
Timor Oriental
54%
Ulán Bator
54%
Vaduz
54%
Doha
53%
Wellington
53%
Bagdad
52%
Bakú
52%
Damasco
52%
Riad
52%
Skopie
52%
Kabul
51%
Nairobi
51%
Yakarta
51%
Ciudad del Cabo
50%
Georgetown
50%
Podgorica
50%
Beirut
49%
Kuala Lumpur
49%
Taipéi
49%
Hanói
48%
Pristina
48%
Tiflis
48%
Belmopán
46%
Astaná
45%
Dakar
45%
Islamabad
45%
Puerto España
45%
Antananarivo
44%
Paramaribo
44%
Trípoli
44%
Katmandú
43%
Nasáu
43%
Ereván
42%
Pretoria
42%
Amán
40%
Saint John's
39%
Saná
39%
Ciudad de la Paz
38%
Adís Abeba
37%
Luanda
37%
Bisáu
36%
Malé
36%
Freetown
35%
Maputo
35%
Nom Pen
35%
Vientián
35%
Mascate
34%
Abuya
33%
Acra
33%
Kinsasa
33%
Mogadiscio
32%
Victoria
32%
Biskek
31%
Brazzaville
31%
Bridgetown
31%
Jartum
31%
Manama
31%
Praia
31%
Dili
30%
Libreville
30%
Port Moresby
30%
Saint George
30%
Taskent
30%
Yaundé
30%
Roseau
29%
Sri Jayawardenapura Kotte
29%
Timbu
29%
Asjabad
28%
Castries
28%
Monrovia
28%
Naipyidó
28%
Porto Novo
28%
Uagadugú
28%
Bandar Seri Begawan
27%
Basseterre
27%
Conakri
27%
Kampala
27%
Nuakchot
27%
Windhoek
27%
Asmara
26%
Bamako
26%
Dusambé
26%
Lomé
26%
Port Louis
26%
Dodoma
25%
Gaborone
25%
Harare
25%
Lusaka
25%
Suva
25%
Yamena
25%
Yuba
25%
Kigali
24%
Niamey
24%
Yamusukro
24%
Bangui
23%
Banjul
23%
Port Vila
23%
Apia
22%
Bloemfontein
22%
Lilongüe
22%
Mbabane
22%
Funafuti
21%
Gitega
21%
Maseru
21%
Moroni
21%
Palikir
20%
Honiara
19%
Tarawa Sur
19%
Majuro
18%
Ngerulmud
18%
Nukualofa
18%
Yaren
18%
Cotonú
14%
No se encontraron pruebas coincidentes
Distribución de puntuación
Porcentaje de gente con cada puntuación
Porcentaje por número respondido
Historial de tus puntuaciones
No has intentado esta prueba desde el último reinicio